Score 0/9 Timer 03:00
5 Plays Today
% Correct
ONTARIO
84.7%
ALBERTA
78.9%
Iqaluit     
78%
NOVA SCOTIA         
76.5%
 
          YUKON  
73.2%
Toronto
65.7%
  Regina  
51%
St. John's  
50.8%
 Edm. 
46.6%
Remove Ads.
Support Sporcle.
Get the best of Sporcle when you Go Orange. This ad-free experience offers more features, more stats, and more fun while also helping to support Sporcle. Thank you for becoming a member.

You're not logged in!

Compare scores with friends on all Sporcle quizzes.
OR
Log In

Show Comments

Extras

Top Quizzes Today


Score Distribution

Your Account Isn't Verified!

In order to create a playlist on Sporcle, you need to verify the email address you used during registration. Go to your Sporcle Settings to finish the process.

Report this User

Report this user for behavior that violates our Community Guidelines.

Details: